Lengua en red 9 /
Guardado en:
| Autor Principal: | |
|---|---|
| Otros Autores: | , , |
| Formato: | Libro |
| Publicado: |
Buenos Aires :
A-z,
1999
|
| Series: | Serie de Tramas
|
| Materias: | |
| Etiquetas: |
Agregar Etiqueta
Sin Etiquetas, Sea el primero en etiquetar este registro!
|
| LEADER | 01064nam a22003015a 4500 | ||
|---|---|---|---|
| 001 | CEM.cems011222 | ||
| 005 | 20080229080806.0 | ||
| 008 | 130507s1999##################000#0#####d | ||
| 003 | CEMS | ||
| 020 | |a 9505346433 | ||
| 082 | 0 | 4 | |a Z468 |
| 100 | 1 | |a Folino, Evangelina | |
| 245 | 1 | 0 | |a Lengua en red 9 / |c Evangelina Folino ... [et Al.] |
| 260 | |a Buenos Aires : |b A-z, |c 1999 | ||
| 300 | |a 255 p. | ||
| 490 | 0 | |a Serie de Tramas | |
| 500 | |a Para 9ºaño Egb. | ||
| 505 | 0 | |a Cuentos de ayer, de hoy y de siempre -- Historias tenebrosas -- Viajeros de todos los tiempos -- Un teatro, una época -- El juego de los héroes -- Bajo sospecha -- La vida a través de la poesía -- Lo real en la ficción -- Proyecto de trabajo -- Las reglas del lenguaje. | |
| 653 | |a Lengua | ||
| 653 | |a Lengua-9º egb | ||
| 653 | |a Literatura-9º egb | ||
| 653 | |a Teatro | ||
| 653 | |a Poesía | ||
| 653 | |a Textos | ||
| 700 | 1 | |a Garibotto, Estela | |
| 700 | 1 | |a Leiva, Liliana | |
| 700 | 1 | |a Jurado, Mónica | |
| 859 | |a CEMS |b BIB. CEMS - 11 de abril |h Z468 |i F693 |p 22107.03 |t Ej.1 |v 9º |3 9º | ||
